logo

Bir Sreshtho Munshi Abdur Rouf Library
Jhenaidah Cadet College

সত্য জেগে ওঠো / (Record no. 14487)

MARC details
000 -LEADER
fixed length control field 00723nam a22002057a 4500
001 - CONTROL NUMBER
JCCL Control Number 14487
003 - CONTROL NUMBER IDENTIFIER
JCCL marc code BD-JhCC
005 - DATE AND TIME OF LATEST TRANSACTION
control field 20251211114226.0
008 - FIXED-LENGTH DATA ELEMENTS--GENERAL INFORMATION
fixed length control field 251211b |||||||| |||| 00| 0 eng d
035 ## - SYSTEM CONTROL NUMBER
system control number (BD-JhCC) 14487
040 ## - CATALOGING SOURCE
Original cataloging agency BD-JhCC
Modifying agency BD-JhCC
041 ## - LANGUAGE CODE
Language code of Book বাংলা
082 ## - DEWEY DECIMAL CLASSIFICATION NUMBER
DDC Edition number 23
Classification number 891.441
Author mark and Year AZA 2000
100 ## - MAIN ENTRY--PERSONAL NAME
Personal name আজম,শফিকুল
245 ## - TITLE STATEMENT
Title সত্য জেগে ওঠো /
Statement of responsibility, etc শফিকুল আজম
260 ## - PUBLICATION, DISTRIBUTION, ETC. (IMPRINT)
Place of publication, distribution, etc ঢাকাঃ
Name of publisher, distributor, etc জাগৃতি প্রকাশনী,
Date of publication, distribution, etc ২০০০
300 ## - PHYSICAL DESCRIPTION
Pagination ৪৮ পৃ.;
Dimensions ২২ সেমি.
Accompanying material পেপার বাইণ্ডিং
650 ## - SUBJECT ADDED ENTRY--TOPICAL TERM
Topical term or geographic name as entry element বাংলা সাহিত্য - কবিতা
942 ## - ADDED ENTRY ELEMENTS (KOHA)
Source of classification or shelving scheme Dewey Decimal Classification
Koha item type Books
Holdings
Source of classification or shelving scheme Damaged status Not for loan Collection code Home library Current library Shelving location Date of accession Full call number Barcode Date last seen Copy number Method of acquisition Koha item type Currency
Dewey Decimal Classification     Fiction JCC Rouf Library JCC Rouf Library General Stacks   891.441 AZA 2000 20381 12/11/2025 C-1 Purchase Books BDT
Dewey Decimal Classification     Fiction JCC Rouf Library JCC Rouf Library General Stacks   891.441 AZA 2000 20382 12/11/2025 C-2 Purchase Books BDT

JCC Library | Contacts | JCC Home

Last Update on 23 September 2017
Copyright @ 2017-2020 JCC Rouf Library
Rouf Library, Jhenidah Cadet College (JCC), Bangladesh